İNSAN VE DAVRANIŞI (Record no. 702366)
[ view plain ]
| 000 -LEADER | |
|---|---|
| sabit uzunluktaki kontrol alanı | 00249nam a2200097Ia 4500 |
| 001 - KONTROL NUMARASI | |
| kontrol alanı | 702366 |
| 005 - EN SON İŞLEMİN TARİH VE ZAMANI | |
| kontrol alanı | 20250826162331.0 |
| 008 - SABİT-UZUNLUKTA VERİ ÖĞELERİ--GENEL BİLGİ | |
| sabit uzunluktaki kontrol alanı | 250824s9999 xx 000 0 und d |
| 245 #0 - ESER / YAZAR | |
| ESER ADI | İNSAN VE DAVRANIŞI |
| Yazar Adı | DOĞAN CÜCELOĞLU |
| 260 ## - YAYIN, DAĞITIM, VB. | |
| YAYIN EVİ | REMZİ KİTABEVİ |
No items available.